<?xml version="1.0" encoding="UTF-8"?>
<record
    xmlns:xsi="http://www.w3.org/2001/XMLSchema-instance"
    xsi:schemaLocation="http://www.loc.gov/MARC21/slim http://www.loc.gov/standards/marcxml/schema/MARC21slim.xsd"
    xmlns="http://www.loc.gov/MARC21/slim">

  <leader>01619nam a22001817a 4500</leader>
  <datafield tag="999" ind1=" " ind2=" ">
    <subfield code="c">38784</subfield>
    <subfield code="d">38784</subfield>
  </datafield>
  <datafield tag="020" ind1=" " ind2=" ">
    <subfield code="a">9781009455961</subfield>
  </datafield>
  <datafield tag="082" ind1=" " ind2=" ">
    <subfield code="a">320.954</subfield>
    <subfield code="b">PAR-R</subfield>
  </datafield>
  <datafield tag="100" ind1=" " ind2=" ">
    <subfield code="a">Parasher, Tejas</subfield>
    <subfield code="e">Author</subfield>
  </datafield>
  <datafield tag="245" ind1=" " ind2=" ">
    <subfield code="a">Radical Democracy in Modern Indian Political Thought</subfield>
    <subfield code="b">Indian Political</subfield>
    <subfield code="c">By Tejas Parasher</subfield>
  </datafield>
  <datafield tag="260" ind1=" " ind2=" ">
    <subfield code="a">New Delhi :</subfield>
    <subfield code="b">Cambridge University Press,</subfield>
    <subfield code="c">2023.</subfield>
  </datafield>
  <datafield tag="300" ind1=" " ind2=" ">
    <subfield code="a">x, 203p.</subfield>
  </datafield>
  <datafield tag="504" ind1=" " ind2=" ">
    <subfield code="a">Include Bibliography and index.</subfield>
  </datafield>
  <datafield tag="520" ind1=" " ind2=" ">
    <subfield code="a">Between the 1910s and the 1970s, an eclectic group of Indian thinkers, constitutional reformers, and political activists articulated a theory of robustly democratic, participatory popular sovereignty. Taking parliamentary government and the modern nation-state to be prone to corruption, these thinkers advocated for ambitious federalist projects of popular government as alternatives to liberal, representative democracy. Radical Democracy in Modern Indian Political Thought is the first study of this counter-tradition of democratic politics in South Asia. Examining well-known historical figures such as Dadabhai Naoroji, M. K. Gandhi, and M. N. Roy alongside long-neglected thinkers from the Indian socialist movement, Tejas Parasher illuminates the diversity of political futures imagined at the end of the British Empire in South Asia. This book reframes the history of twentieth-century anti-colonialism in novel terms &#x2013; as a contest over the nature of modern political representation &#x2013; and pushes readers to rethink accepted understandings of democracy today.</subfield>
  </datafield>
  <datafield tag="650" ind1=" " ind2=" ">
    <subfield code="a">Democracy</subfield>
    <subfield code="z">India</subfield>
  </datafield>
  <datafield tag="650" ind1=" " ind2=" ">
    <subfield code="a">Radicalism</subfield>
    <subfield code="z">India</subfield>
  </datafield>
  <datafield tag="650" ind1=" " ind2=" ">
    <subfield code="a">Political Thought</subfield>
    <subfield code="z">India</subfield>
  </datafield>
  <datafield tag="942" ind1=" " ind2=" ">
    <subfield code="2">ddc</subfield>
    <subfield code="c">BK</subfield>
  </datafield>
  <datafield tag="952" ind1=" " ind2=" ">
    <subfield code="0">0</subfield>
    <subfield code="1">0</subfield>
    <subfield code="4">0</subfield>
    <subfield code="7">0</subfield>
    <subfield code="a">NASSDOC</subfield>
    <subfield code="b">NASSDOC</subfield>
    <subfield code="d">2024-03-20</subfield>
    <subfield code="e">All India Book House</subfield>
    <subfield code="g">573.99</subfield>
    <subfield code="i">2024-03-20</subfield>
    <subfield code="l">0</subfield>
    <subfield code="o">320.954 PAR-R</subfield>
    <subfield code="p">53967</subfield>
    <subfield code="r">2024-04-12 00:00:00</subfield>
    <subfield code="v">795.00</subfield>
    <subfield code="w">2024-03-20</subfield>
    <subfield code="y">BK</subfield>
  </datafield>
</record>
